Desatoro správneho učenia sa v organizácii

Desať zásad správneho učenia sa firemnému podnikaniu. Prosperita firmy závisí aj od výnimočných schopností a stykov majiteľa firmy, aj od šťastia.

Enregistré dans:
Détails bibliographiques
Auteur principal: Bartl, Jaroslav
Format: Chapitre de livre
Langue:slovaque
Sujets:
Tags: Ajouter un tag
Pas de tags, Soyez le premier à ajouter un tag!

MARC

LEADER 00000naa$a2200000$$$4500
001 0025284
005 20231006120708.4
041 0 |a slo 
044 |a SK 
245 1 0 |a Desatoro správneho učenia sa v organizácii  |c Jaroslav Bartl 
520 |a Desať zásad správneho učenia sa firemnému podnikaniu. Prosperita firmy závisí aj od výnimočných schopností a stykov majiteľa firmy, aj od šťastia. 
610 2 0 |a firmy 
610 2 0 |a prosperita ekonomická 
610 2 0 |a podnikanie 
610 2 0 |a vzdelávanie 
610 2 0 |a manažéri 
610 2 0 |a výhody konkurenčné 
100 1 |a Bartl, Jaroslav